000 01150nam a2200313 a 4500
999 _c57781
_d57781
003 BLK
005 20250318005546.0
008 180408b bul|||||r ||||||| ||bul||
010 _aKNG00061791000
040 _aBLK
041 _aBUL
_cBUL
080 _aБългарска литература
_b821.163.2
_x-4
_z821.163.2-4
100 _aХайтов, Николай Александров
_d1919-2002
_gПисател. Драматург.
_9431013
139 _aХайтов, Николай Александров
_bХ 21
245 1 0 _aПублицистика
_bЧовек - природа, език - литература, история, краезнание - фолклор, разни
_cНиколай Александров Хайтов.
257 _aBGR
260 _bБълг. писател
_c1975
_aСофия
300 _a323 с.
_c21 см
380 _a80
852 _aЦб 78768
_bЦб
856 4 _qpdf
_i0.00
_ldisable
856 4 _qpdf
_i0.00
_ldisable
942 _cKNG
_n0
_s1
944 _aCR
_c13.06.2004
_k
_lCRON CRON
944 _aED
_c01.03.2018
944 _aED
_c2022-11-07
999 _d57781
999 _d57781